01261nam a22003014a 4500001001200000003000800012006001900020007001500039008004100054010001700095020002800112020003500140040002100175035002100196050002500217082001700242100003100259245017000290260003900460300001600499504006600515533015200581650004100733655002900774710001700803856012600820999001300946ebr10006959CaPaEBRm u cr cn|||||||||990618s1999 ctu sb 001 0 eng  z 99037523  z0275966526 (alk. paper) z0275966534 (pbk. : alk. paper) aCaPaEBRcCaPaEBR a(OCoLC)19193597614aJK468.I6bH85 1999eb04a327.12732211 aHulnick, Arthur S.,d1935-10aFixing the spy machineh[electronic resource] :bpreparing American intelligence for the twenty-first century /cArthur S. Hulnick ; foreword by Richard R. Valcourt. aWestport, Conn. :bPraeger,c1999. axxi, 222 p. aIncludes bibliographical references (p. [209]-215) and index. aElectronic reproduction.bPalo Alto, Calif. :cebrary,d2013.nAvailable via World Wide Web.nAccess may be limited to ebrary affiliated libraries. 0aIntelligence servicezUnited States. 7aElectronic books.2local2 aebrary, Inc.40uhttp://site.ebrary.com/lib/rucke/Doc?id=10006959zAn electronic book accessible through the World Wide Web; click to view c830d830